Statistiken für Bilder nach Buchstabe - N

Klicken Sie hier um das Quiz zu spielen!

Allgemein

  • Dieses Quiz wurde 1,391 mal gespielt
  • Das Durchschnittsergebnis liegt bei 13 aus 16

Antwortstatistiken

Answer % Korrekt
Niederlande
98%
Napoleon
96%
Neandertaler
96%
Nussknacker
92%
Niagara
92%
Neon
91%
Nektarine
90%
Nil
89%
Neptun
89%
Nemo
87%
Neuschwanstein
86%
Niedersachsen
80%
Noah
79%
Narwal
60%
Nordisch
47%
Nelson
34%

Verteilung der Resultate

Perzentil nach korrekt beantworteten Fragen

Anzahl Personen mit jedem Resultat

Ihre Resultats-Entwicklung

Sie haben dieses Quiz noch nicht gespielt